Countries by drivers : 2024 - Statistics

General Stats
  • This quiz has been taken 36 times
  • The average score is 11 of 17
Answers on the Map
Answers color-coded by a green-red scale on the quiz's map according to % correct below.
 
Answer Stats
Country % Correct
France
97%
China
81%
Spain
81%
Japan
77%
Monaco
74%
Australia
71%
England
71%
Canada
68%
Mexico
68%
Netherlands
68%
Germany
65%
United States
65%
Thailand
48%
New Zealand
35%
Finlande
32%
Argentina
29%
Danemark
26%
No matching quizzes found
Score Distribution
Percent of People with Each Score
Percentile by Number Answered
Your Score History
You have not taken this quiz